000 00526nam a2200157Ia 4500
005 20260122095403.0
008 260121s9999||||xx |||||||||||||| ||und||
020 _a9789387826335
082 _a934
_bSMI
100 _aSmith, Vincent A.
245 0 _aEarly history of India :
_bfrom 600 B.C. to the Muhammadan conquest, including the invasion of Alexander the great /
_cVincent A. Smith
260 _aChennai :
_bMJP Publisher,
_c2023.
300 _aviii, 510 p.; hb
650 _aIndia - History - Ancient period
942 _cTB
999 _c38656
_d38656